Entry Nombre corporativo
001 - NÚMERO DE CONTROL
- campo de control: 58056
003 - IDENTIFICADOR DEL NÚMERO DE CONTROL
- campo de control: OSt
005 - FECHA Y HORA DE LA ÚLTIMA TRANSACCIÓN
- campo de control: 20211129112638.0
008 - DATOS DE LONGITUD FIJA
- campo de control de longitud fija: 200615|| aca||aabn | a|a d
040 ## - FUENTE DE LA CATALOGACIÓN
- Centro catalogador/agencia de origen: OSt
- Centro/agencia transcriptor: OSt
110 1# - ENCABEZAMIENTO-NOMBRE DE ENTIDAD CORPORATIVA
- Nombre de entidad corporativa o nombre de jurisdicción como elemento de entrada: United States.
- Unidad subordinada: Agency for International Development
410 2# - TRAZADO DE VÉASE--NOMBRE DE ENTIDAD CORPORATIVA
- Nombre de entidad corporativa o nombre de jurisdicción como elemento de entrada: A.I.D. (United States. Agency for International Development)
410 2# - TRAZADO DE VÉASE--NOMBRE DE ENTIDAD CORPORATIVA
- Nombre de entidad corporativa o nombre de jurisdicción como elemento de entrada: A.I.D. (United States. Agency for International Development)
410 2# - TRAZADO DE VÉASE--NOMBRE DE ENTIDAD CORPORATIVA
- Nombre de entidad corporativa o nombre de jurisdicción como elemento de entrada: Agence des Etats-Unis pour le développement international
410 2# - TRAZADO DE VÉASE--NOMBRE DE ENTIDAD CORPORATIVA
- Nombre de entidad corporativa o nombre de jurisdicción como elemento de entrada: Agencia de las Estados Unidos para el Desarrollo Internacional
410 2# - TRAZADO DE VÉASE--NOMBRE DE ENTIDAD CORPORATIVA
- Nombre de entidad corporativa o nombre de jurisdicción como elemento de entrada: U.S.A.I.D. (United States. Agency for International Development)
410 2# - TRAZADO DE VÉASE--NOMBRE DE ENTIDAD CORPORATIVA
- Nombre de entidad corporativa o nombre de jurisdicción como elemento de entrada: U.S. Agency for International Development
410 1# - TRAZADO DE VÉASE--NOMBRE DE ENTIDAD CORPORATIVA
- Nombre de entidad corporativa o nombre de jurisdicción como elemento de entrada: United States.
- Unidad subordinada: Agence internationale de développement
410 1# - TRAZADO DE VÉASE--NOMBRE DE ENTIDAD CORPORATIVA
- Nombre de entidad corporativa o nombre de jurisdicción como elemento de entrada: United States.
- Unidad subordinada: Agência de Desenvolvimento Internacional
410 2# - TRAZADO DE VÉASE--NOMBRE DE ENTIDAD CORPORATIVA
- Nombre de entidad corporativa o nombre de jurisdicción como elemento de entrada: United States.
- Unidad subordinada: Agencia Internacional para el Desarrollo
670 ## - FUENTE DE DATOS ENCONTRADOS
- Cita de la fuente: Work cat.: (OSt)31338: Modelo para el fortalecimiento de la calidad de la atención en los servicios de atención obstétricas y planificación familiar :, 2008.
670 ## - FUENTE DE DATOS ENCONTRADOS
- Cita de la fuente: Conférence nationale sur la nutrition, Port-au-Prince, Haiti, 1979. Conférence nationale sur ... 1979
670 ## - FUENTE DE DATOS ENCONTRADOS
- Cita de la fuente: American Technical Assistance Corporation. Planification de programmes ... 1973:
670 ## - FUENTE DE DATOS ENCONTRADOS
- Cita de la fuente: Aspectos demográficos y prevalencia de ... 1983:
670 ## - FUENTE DE DATOS ENCONTRADOS
- Cita de la fuente: Zambia, Overseas Education Fund proposal for project 611-0202, 1979:
670 ## - FUENTE DE DATOS ENCONTRADOS
- Cita de la fuente: Enquête nationale sur la fécondité et la planification familiale au Maroc, 1979-80, 1984- :
